LDR 01237naa#a2200229#i#450# 001 RU\\bibl\120471 005 20260501010206.5 011 ## _a2782-5957 100 ## _a20260430b2026####ek#y0rusy0150####ca 102 ## _aRU 200 1# _aТЕХНИКО-ЭКОНОМИЧЕСКИЙ АНАЛИЗ ЭФФЕКТИВНОСТИ МЕРОПРИЯТИЙ ПО ПРЕДУПРЕЖДЕНИЮ РАЗЛИВОВ НЕФТЕПРОДУКТОВ ПРИ ИХ ВЫГРУЗКЕ ИЗ ЖЕЛЕЗНОДОРОЖНЫХ ЦИСТЕРН _eЖурнальная статья 210 1# _aБрянск _cБрянский государственный технический университет _d2026 215 ## _a10 с. 608 ## _aЖурнальная статья _2local 675 ## _a(Автомобили. Автомобилестроение). 629.113 _z 686 ## _aЖелезнодорожный транспорт. 392 _2bbk 700 #1 _aКузьмин _gОлег Сергеевич 700 #1 _aПиотрович _gАлексей Анатольевич 700 #1 _aЛуценко _gАндрей Николаевич 700 #1 _aРапопорт _gИнна Владимировна 700 #1 _aКуликова _gЕлена Сергеевна 856 4# _abstu.editorum.ru _u